Statistics for Tokyo City Trivia

Click here to take the quiz!

General Stats

  • This quiz has been taken 10,718 times
  • The average score is 12 of 18

Answer Stats

HintAnswer% Correct
What event did Tokyo host in 1964 and 2021?Summer Olympics
99%
What is the nearest foreign capital to Tokyo?Seoul
94%
Tokyo became the capital of Japan in 1868. What city was the capital before that?Kyoto
90%
What monster emerged from Tokyo Bay to attack the city in a 1954 film?Godzilla
84%
What culinary guide has awarded over 300 "stars" to Tokyo restaurants, by far
the most of any city?
Michelin
79%
What landmark is depicted by this emoji: ?Tokyo {Tower}
79%
What sport is played by the Yomiuri Giants and the Tokyo Yakult Swallows?Baseball
78%
Japan is composed of four major islands. On which of these islands is Tokyo located?Honshu
78%
What killed about 100,000 Tokyo residents in 1945?Firebombing
77%
What killed 142,000 people in the Tokyo area in 1923?an Earthquake
76%
What was the former name of Tokyo?Edo
76%
The Tsukiji market is the largest of its kind in the world. What is sold there?Seafood
76%
Which suburb of Tokyo, starting with the letter Y, is the second most populous city in Japan?Yokohama
73%
Tokyo is represented by the characters 東京. What do these characters mean in English?Eastern {Capital}
45%
Name one of the two major airports serving Tokyo.Narita / Haneda
45%
What is the name of the region anchored by Tokyo?
(Hint: Pokémon fans should find it familiar)
Kantō
37%
What Tokyo landmark, completed in 2011, is the second tallest structure in the world?Tokyo {Skytree}
31%
What was the name of the emperor who moved the capital?
(Hint: a brand of chocolate is named for him)
Emperor Meiji
28%

Score Distribution

Percentile by Number Answered

Percent of People with Each Score

Your Score History

You have not taken this quiz